Statistiques concernant Villes et municipalités de la région métropolitaine de Montréal

Cliquez ici pour prendre le quiz!

Statistiques générales

  • Ce quiz a été pris 91 fois
  • Le résultat moyen est 36 sur 91

Statistiques - réponses

Answer % Correct
Laval
93%
Longueuil
91%
Brossard
80%
Boucherville
76%
Montréal
74%
Terrebonne
72%
Blainville
70%
Saint-Jérôme
70%
Westmount
69%
Repentigny
65%
Vaudreuil-Dorion
63%
Kirkland
63%
La Prairie
61%
Châteauguay
61%
Dorval
57%
Mascouche
57%
Sainte-Thérèse
56%
Boisbriand
56%
Saint-Bruno-de-Montarville
56%
Oka
56%
Candiac
54%
Chambly
54%
Saint-Eustache
54%
Sainte-Julie
54%
Saint-Lambert
54%
Pointe-Claire
52%
Montréal-Ouest
50%
Beaconsfield
50%
Dollard-Des Ormeaux
48%
Montréal-Est
48%
Mirabel
48%
Mont-Royal
48%
Saint-Constant
46%
Varennes
46%
Hudson
46%
Rosemère
46%
Deux-Montagnes
44%
Côte-Saint-Luc
44%
L'Île-Perrot
43%
Sainte-Catherine
43%
Sainte-Anne-de-Bellevue
41%
L'Assomption
41%
Baie-D'Urfé
39%
Delson
37%
Saint-Mathieu-de-Beloeil
37%
Senneville
37%
Beloeil
37%
Beauharnois
35%
Mont-Saint-Hilaire
35%
Hampstead
35%
Mercier
33%
Sainte-Anne-des-Plaines
33%
Verchères
31%
Pointe-Calumet
31%
Charlemagne
30%
Saint-Mathieu
30%
Bois-des-Filion
30%
Sainte-Marthe-sur-le-Lac
28%
Les Cèdres
28%
Lorraine
28%
L'Île-Dorval
26%
Pincourt
26%
Lavaltrie
26%
Saint-Joseph-du-Lac
26%
Saint-Philippe
26%
Carignan
24%
Richelieu
24%
Saint-Lazare
24%
Kahnawake
24%
Saint-Amable
22%
Notre-Dame-de-l'Île-Perrot
20%
Otterburn Park
20%
McMasterville
20%
L'Épiphanie (Ville)
20%
L'Épiphanie (Paroisse)
20%
Saint-Basile-le-Grand
19%
Saint-Isidore
17%
Léry
17%
Les Coteaux
17%
Pointe-des-Cascades
15%
Coteau-du-Lac
15%
Saint-Colomban
13%
Terrasse-Vaudreuil
13%
L'Île-Cadieux
13%
Saint-Placide
13%
Saint-Sulpice
13%
Saint-Zotique
13%
Vaudreuil-sur-le-Lac
11%
Kanesatake
11%
Saint-Mathias-sur-Richelieu
9%
Gore
7%

Distribution des résultats

Percentile par nombre de réponses

% des personnes avec chaque résultat

Votre développement - résultats

Vous n’avez pas pris ce quiz